| 000 | 00463 a2200157 4500 | ||
|---|---|---|---|
| 020 | _a1855359973 | ||
| 082 | _a 822.33 SHA | ||
| 090 |
_c1066 _d1066 |
||
| 100 | _aShakespeare, William. | ||
| 245 |
_a Complete Works of William Shakespeare _cWilliam Shakespeare, |
||
| 260 |
_aScotland: _bGeddes Grosset, _c2001. |
||
| 300 |
_a736 p. ; _c27 cm. |
||
| 500 | _aIncludes Index | ||
| 650 | _aShakespeare, William, 1564-1616--Stories, plots, etc. | ||
| 942 |
_cBK _k822.33 SHA |
||
| 999 |
_c5029 _d5029 |
||